| 000 | 01107cam a2200325 a 4500 | ||
|---|---|---|---|
| 999 |
_c5637 _d5637 |
||
| 003 | ALUPE UNIVERSITY | ||
| 005 | 20220505082027.0 | ||
| 008 | 880614s1985 onca 1 0 eng d | ||
| 020 | _a0941158314 | ||
| 040 | _cDNLM | ||
| 049 | _aAEU | ||
| 050 | 4 |
_aRG626 _b.C87 1985 |
|
| 060 | 0 | 0 |
_aWS 420 _bC976 1985 |
| 090 | 0 | _aRG 628 C976 1985 | |
| 245 | 0 | 0 |
_aCurrent therapy in neonatal-perinatal medicine, 1985-1986 / _cNicholas M. Nelson [editor]. |
| 260 |
_aToronto ; Philadelphia : _bB.C. Decker ; Saint Louis : C.V. Mosby, _cc1985. |
||
| 300 |
_axviii, 403 p. : _bill. ; _c26 cm. |
||
| 336 |
_atext _btxt _2rdacontent |
||
| 337 |
_aunmediated _bn _2rdamedia |
||
| 338 |
_avolume _bnc _2rdacarrier |
||
| 500 | _a"Errata slip inserted." | ||
| 504 | _aIncludes bibliographical references and index. | ||
| 650 | 2 |
_aFetal Diseases _xdiagnosis. |
|
| 650 | 2 |
_aFetal Diseases _xtherapy. |
|
| 650 | 2 |
_aInfant, Newborn, Diseases _xdiagnosis. |
|
| 650 | 2 |
_aInfant, Newborn, Diseases _xtherapy. |
|
| 650 | 0 |
_aFetus _xDiseases _xDiagnosis. |
|
| 700 | 1 |
_aNelson, Nicholas M., _d1929-2014. |
|
| 942 |
_2lcc _cBK _nCM |
||